Hudbou proti sovětské i nové totalitě

Máloktorý národ na svete žije hudbou tak intenzívne ako Rusi. Hudobná kultúra, ktorá od konca 18. storočia ťažila z folklóru a z tradície cirkevných zborov, v 19. storočí sa stala jedným z najvýznamnejších segmentov celosvetovo rešpektovanej ruskej kultúry. Toto si uvedomoval aj sovietsky komunistic...

Full description

Saved in:
Bibliographic Details
Main Author: Dvořák, Libor
Format: Book Chapter
Language:Czech
Subjects:
Tags: Add Tag
No Tags, Be the first to tag this record!

MARC

LEADER 00000naa a2200000 4500
001 0136064
005 20231016094514.8
041 0 |a cze 
044 |a CZ 
245 1 0 |a Hudbou proti sovětské i nové totalitě  |c Libor Dvořák 
520 |a Máloktorý národ na svete žije hudbou tak intenzívne ako Rusi. Hudobná kultúra, ktorá od konca 18. storočia ťažila z folklóru a z tradície cirkevných zborov, v 19. storočí sa stala jedným z najvýznamnejších segmentov celosvetovo rešpektovanej ruskej kultúry. Toto si uvedomoval aj sovietsky komunistický režim, ktorý z klasickej hudby urobil ideologický a propagandistický fetiš. Ako sa ruskí hudobníci vysporiadali s týmto postojom vládnucej špičky. 
610 2 0 |a hudba 
610 2 0 |a umenie 
610 2 0 |a kultúra 
610 2 0 |a politika 
610 2 0 |a moc politická 
610 2 0 |a vláda 
610 2 0 |a ideológia 
610 2 0 |a Rusko 
100 1 |a Dvořák, Libor